| 000 | 00800cam a22002534a 4500 | ||
|---|---|---|---|
| 003 | UPN | ||
| 005 | 20220905115708.0 | ||
| 008 | 090210s2006 ck a r 000 j spa d | ||
| 020 | _a9583017264 | ||
| 035 | _aUPN01000169075 | ||
| 040 |
_aUPN _bspa _cUPN |
||
| 049 | _aI | ||
| 050 | 4 |
_aPQ8179 E76 _bC84 |
|
| 100 | 1 |
_aEspaña, Gonzalo, _d1945- _933139 |
|
| 245 | 1 | 0 |
_aCuentos famosos de árboles fabulosos y animales enojosos / _cGonzalo España ; ilustraciones Alexander Marroquín. |
| 250 | _aPrimera edición | ||
| 260 |
_aBogotá : _bPanamericana, _c2006. |
||
| 300 |
_a117 páginas: _bilustraciones a color |
||
| 490 | 0 | _aLiteratura juvenil | |
| 650 | 4 |
_aCuentos infantiles colombianos _94407 |
|
| 700 | 1 |
_aMarroquín, Alexander _eilustrador _945866 |
|
| 905 | _aLibro | ||
| 942 |
_2lcc _cLIBRO |
||
| 999 |
_c141181 _d141181 |
||